Statistics for Save Asia by Guessing Countries

Click here to take the quiz!

General Stats

  • This quiz has been taken 5,776 times
    (5,643 since last reset)
  • The average score is 2589 of 3136

Answers on the Map

Answers color-coded by a green-red scale on the quiz's map according to % correct below.
 

Answer Stats

populationCountry% Correct
1,447,470,092China
97%
1,380,004,385India
96%
273,523,615Indonesia
89%
126,476,461Japan
88%
83,992,949Iran
83%
220,892,340Pakistan
79%
34,813,871Saudi Arabia
77%
69,799,978Thailand
76%
51,269,185South Korea
75%
84,339,067Turkey
75%
97,338,579Vietnam
75%
40,222,493Iraq
73%
109,581,078Philippines
71%
18,776,707Kazakhstan
69%
3,278,290Mongolia
69%
54,409,800Myanmar
69%
32,365,999Malaysia
67%
164,689,383Bangladesh
64%
29,825,964Yemen
61%
7,275,560Laos
60%
29,136,808Nepal
60%
5,106,626Oman
60%
38,928,346Afghanistan
59%
25,778,816North Korea
55%
16,718,965Cambodia
53%
17,500,658Syria
48%
9,890,402United Arab Emirates
48%
23,816,775Taiwan
46%
5,850,342Singapore
43%
21,413,249Sri Lanka
38%
771,608Bhutan
37%
8,655,535Israel
37%
10,203,134Jordan
36%
33,469,203Uzbekistan
35%
2,881,053Qatar
31%
1,701,575Bahrain
26%
6,031,200Turkmenistan
24%
2,963,243Armenia
22%
3,989,167Georgia
22%
4,270,571Kuwait
21%
6,825,445Lebanon
20%
6,524,195Kyrgyzstan
19%
9,537,645Tajikistan
19%
10,139,177Azerbaijan
18%
437,479Brunei
17%
540,544Maldives
17%
1,207,359Cyprus
14%
1,318,445East Timor
11%

Score Distribution

Percentile by Number Answered

Percent of People with Each Score

Your Score History

You have not taken this quiz since the last reset